000 00603nam a2200217Ia 4500
003 OSt
005 20220926040950.0
006 a|||||r|||| 00| 0
007 ta
008 220923b |||||||| |||| 00| 0 eng d
037 _cGeneral Book
040 _aRTL
_cRTL
_beng
041 _2eng
_aeng
082 _aX627:Z1-1, F3
100 _aJitta D. Josephus
_9344370
245 0 _aUnification of laws relating to bills of exchange and Promiss org notes
260 _c1923
650 _aSavings Bank
942 _hX627:Z1-1, F3
_cGB
_2CC
999 _c666075
_d666075